=LDR 00000nam 2200000 4500 =001 INLIS000000000026772 =005 20130612125209 =008 ***********************************ind** =035 ##$$0010-061300000026772 =041 ##$$a ind =082 ##$$a 620.112 1 =090 ##$$a 620.112 1, SRI k =100 ##$$a Sri Widharto =245 ##$$a Karat dan pencegahannya, Sri Widharto =260 ##$$a 2004 $b Jakarta =300 ##$$a ix, 180 cm., ilus., 24 cm =650 ##$$a Karat dan Anti Karat =850 ##$$a NBPNMAT